| 000 -ლიდერი |
| ფიქსირებული სიგრძის საკონტროლო ველი |
01800nam a2200301Ia 4500 |
| 001 - საკონტროლო ნომერი |
| საკონტროლო ველი |
23536 |
| 003 - საკონტროლო ნომრის იდენტიფიკატორი |
| საკონტროლო ველი |
GE_BSU |
| 005 - ბოლო ოპერაციის თარიღი და დრო |
| საკონტროლო ველი |
20191004152920.0 |
| 008 - ფიქსირებული სიგრძის მონაცემთა ელემენტები - ზოგადი ინფორმაცია |
| ფიქსირებული სიგრძის საკონტროლო ველი |
181216s2007||||ge |||||||||||||| ||geo|| |
| 020 ## - წიგნის საერთაშორისო სტანდარტული ნომერი |
| International Standard Book Number |
978-99940-52-57-8 |
| 040 ## - კატალოგიზაციის წყარო |
| Transcribing agency |
GE_BSU |
| 041 ## - ენის კოდი |
| Language code of text/sound track or separate title |
geo |
| 080 ## - უნივერსალური ათობითი კლასიფიკაციის ინდექსი |
| Universal Decimal Classification number |
37(479.22)(09) ა-97 |
| 100 ## - მთავარი ჩანაწერი - პიროვნების სახელი |
| Personal name |
ახვლედიანი, მაია. |
| 9 (RLIN) |
4524 |
| 245 ## - ცნობა სათაურის შესახებ |
| Title |
ნარკვევები განათლების ისტორიიდან ქუთაისში : XIX საუკუნის და XX საუკუნის 20-იანი წლები / |
| Statement of responsibility, etc |
მაია ახვლედიანი ; იმერ ბასილაძე ; ნინო სოხაძე ; რედ. კონსტანტინე რამიშვილი . |
| 264 ## - წარმოების, გამოცემის, დისტრიბუციის და სხვა ცნობები |
| გამოცემის, წარმოების, დისტრიბუციის... ადგილი |
ქუთაისი : |
| გამოცემის, წარმოების, დისტრიბუციის... სახელწოდება |
აკ. წერეთლის სახელმწ. უნ-ტის გამ-ბა, |
| გამოცემის, წარმოების, დისტრიბუციის... თარიღი |
2007. |
| 300 ## - ფიზიკური აღწერა |
| Extent |
304 გვ.: |
| Dimensions |
20 სმ. |
| 300 ## - ფიზიკური აღწერა |
| Accompanying material |
ბიბლიოგრ. თავების ბოლოს |
| 504 ## - BIBLIOGRAPHY, ETC. NOTE |
| Bibliography, etc |
ბიბლიოგრ. თავების ბოლოს |
| 653 ## - INDEX TERM--UNCONTROLLED |
| Uncontrolled term |
განათლების ისტორია საქართველოში |
| 653 ## - INDEX TERM--UNCONTROLLED |
| Uncontrolled term |
ნარკვევები განათლების ისტორიიდან ქუთაისში : (XIX საუკუნის და XX საუკუნის 20-იანი წლები |
| 653 ## - INDEX TERM--UNCONTROLLED |
| Uncontrolled term |
პედაგოგიკა |
| 700 ## - ADDED ENTRY--PERSONAL NAME |
| Personal name |
ბასილაძე, იმერ |
| 9 (RLIN) |
1071 |
| 700 ## - ADDED ENTRY--PERSONAL NAME |
| Personal name |
სოხაძე, ნინო |
| 9 (RLIN) |
4525 |
| 700 ## - ADDED ENTRY--PERSONAL NAME |
| Personal name |
რამიშვილი, კონსტანტინე |
| Fuller form of name |
რედაქტორი |
| 9 (RLIN) |
4526 |
| 942 ## - ADDED ENTRY ELEMENTS (KOHA) |
| Koha item type |
წიგნი |
| Source of classification or shelving scheme |
|